LEADER 01038nam0-2200313---450- 001 990008459140403321 005 20080327115444.0 010 $a88-14-13076-0 035 $a000845914 035 $aFED01000845914 035 $a(Aleph)000845914FED01 035 $a000845914 100 $a20070129d2006----km-y0itay50------ba 101 0 $aita 102 $aIT 105 $ay-------001yy 200 1 $a<>riforma del regime fiscale delle imprese: lo stato di attuazione e le prime esperienze concrete$eatti del convegno di Lecce del 25 giugno 2004$fa cura di Franco Paparella 210 $aMilano$cGiuffrè$d2006 215 $aXII, 285 p.$d24 cm 225 1 $aSaggi di diritto tributario$v6 676 $a343.04$v11 rid.$zita 702 1$aPaparella,$bFranco 801 0$aIT$bUNINA$gRICA$2UNIMARC 901 $aBK 912 $a990008459140403321 952 $aI 9 (6)$b4652$fDSS 959 $aDSS 996 $aRiforma del regime fiscale delle imprese: lo stato di attuazione e le prime esperienze concrete$9728755 997 $aUNINA LEADER 01417nam--2200409---450- 001 990002874960203316 005 20070302164000.0 010 $a1-84171-786-X 035 $a000287496 035 $aUSA01000287496 035 $a(ALEPH)000287496USA01 035 $a000287496 100 $a20070302d2006----km-y0itay50------ba 101 $afre 102 $aGB 105 $a||||||||001yy 200 1 $a<> malacofaune de sites mesolithiques et neolithiques de la facade atlantique de la France$econtribution a l?economie et a l?identite culturelle des groupes concernes$fCatherine Dupont 210 $aOxford$cArchaeopress$d2006 215 $aXV, 438 p.$cill.$d30 cm 225 2 $aBAR International series$v1571 410 0$12001$aBAR International series$v1571 454 1$12001 461 1$1001-------$12001 606 $aPeriodo Mesolitico$yFrancia 606 0 $aPeriodo Neolitico$yFrancia 676 $a594.09364 700 1$aDUPONT,$bCatherine$0596040 801 0$aIT$bsalbc$gISBD 912 $a990002874960203316 951 $aXI.5. Coll. 12/ 213$b196440 L.M.$cXI.5.$d00121350 959 $aBK 969 $aUMA 979 $aVITALE$b90$c20070302$lUSA01$h1632 979 $aVITALE$b90$c20070302$lUSA01$h1635 979 $aVITALE$b90$c20070302$lUSA01$h1640 996 $aMalacofaune de sites mesolithiques et neolithiques de la facade atlantique de la France$9991458 997 $aUNISA